000 nam a22 7a 4500
999 _c8530
_d8530
008 180117b ||||| |||| 00| 0 eng d
100 _94919
_aJIWAN
245 _aLIFE SKILLS EDUCATION -6,7,8
260 _aNEW DELHI
_bJBI LTD
_c2014